000 00856nam a22002057a 4500
999 _c10904
_d10904
003 AR-CdUCM
008 190402b ||||| |||| 00| 0 spa d
040 _aMUNICIPALIDAD PROVINCIAL DEL CUSCO
_cBIBLIOTECA MUNICIPAL DEL CUSCO
082 _a572.770 /
_bL26 / 1934
100 _aLarco Herrera, Víctor
_927975
245 _aCobrizos, blancos y negros :
_baborígenes de América /
260 _aSantiago de Chile :
_bNascimento,
_c1934.
300 _a109 páginas ;
_bIlustraciones,
_c19 cm.
505 _aContenido: Orígenes poligénico de los pobladores de América -- América es cuna de la humanidad -- Antigüedad de los americanos -- Aborígenes de piel cobriza -- Aborígenes de piel blanca ...
650 _aEtnología y etnografía
_927976
650 _aRazas humanas
_927977
650 _aHistoria
_9136
942 _2ddc
_cLIBROS
945 _aacv